| 000 | 01282nam a2200337 4500 | ||
|---|---|---|---|
| 003 | EG-GICUC | ||
| 005 | 20260411100219.0 | ||
| 008 | 260411s1914 enk |||fr|||| 00| 0 fre d | ||
| 040 |
_aEG-GiCUC _bfre _cEG-GiCUC _dEG-GiCUC _eRda |
||
| 082 | 0 | 4 |
_221 _a343.309044 _bES . H |
| 092 | 0 | 4 | _221 |
| 099 | _aLaw1 10 343.309044 ES . H 1914 | ||
| 100 | 1 |
_aEsmein, _eAuteur |
|
| 245 | 1 | 2 |
_aA History of Continental Criminal Procedure With Special Reference to France / _cBy A. Esmein, Translated by John Simpson, With an Editorial Preface by William E. Mikell, And Introductions by Norman M. Trenholme, William Renwick Riddell. |
| 264 | 1 |
_aLondon : _bJohn Murray, _c1914. |
|
| 300 |
_a687 page ; _c 24 cm. |
||
| 336 |
_2rda contenu _a texte |
||
| 337 |
_2rda medias _aOrdinateur |
||
| 338 |
_2 transporteur rda _a Ressource en ligne |
||
| 500 | _aIndex | ||
| 650 | 1 |
_aDroit De Procédure Pénale _xHistory _zFrance _2qrmak |
|
| 650 | 1 |
_aDroit De Pénal _2qrmak |
|
| 651 | 1 | _2qrmak | |
| 700 | 1 |
_aSimpson, John _eIllustrateur |
|
| 700 | 1 |
_aMikell, William E _eÉditeur |
|
| 700 | 1 |
_aTrenholme, Norman M _eTraducteur |
|
| 700 | 1 |
_aRiddell, William Renwick _eTraducteur |
|
| 856 | 4 | 0 | _uhttps://fll.law.cu.edu.eg/fulltext/bks/B10-08601.pdf |
| 905 | _a54 | ||
| 942 |
_2ddc _cBK _e21 _n0 |
||
| 999 |
_c70004 _d70004 |
||